Statistics for US Cities by Letter - G

Click here to take the quiz!

General Stats

  • This quiz has been taken 86 times
  • The average score is 3 of 5

Answer Stats

PopulationStateAnswer% Correct
311,810NCGreensboro
78%
569,935MIGrand Rapids
73%
206,520WIGreen Bay
68%
400,492SCGreenville
53%
208,948MSGulfport
37%

Score Distribution

Percentile by Number Answered

Percent of People with Each Score

Your Score History

You have not taken this quiz